000 00571nam a22001817a 4500
003 UA-OsUOA
001 15728
007 ta
008 20031204b un ||||| |||| 00| 0 ukr d
100 _aБереза Ю.
942 _cSA
040 _aUA-OsUOA
_cUA-OsUOA
_dUA-OsUOA
245 _aГумор - горішок твердий : [Про зб. Р.Демчука "Шило у мішку з бляхи"]
300 _aС.3
955 _a0
773 0 _w0
_tВісті Рівненщини
_dРівне
_d2003
_g№94 /14 листоп./
650 7 _aДемчук Р.
_2UDC
999 _c301893
_d301893